000 00918nam a2200253Ia 4500
003 OSt
005 20221005113230.0
006 a|||||r|||| 00| 0
007 ta
008 221004b |||||||| |||| 00| 0 pan d
020 _a9788190872652 (hbk)
_c200
024 _a2531
037 _b695, 16/01/2013, Bright Book Service
_cTextual
040 _aCRL
_cCRL
_bpan
041 _2pan
_apan
082 _aNT44:g, 153Q0
100 _aਕਪੂਰ, ਵੰਦਨਾ
245 0 _aਭਾਰਤੀ ਲੋਕ ਰੰਗਮੰਚ ਸਿਧਾਂਤਕ ਸਮੀਖਿਆ ਅਤੇ ਸਮਕਾਲ
260 _aਪਟਿਆਲਾ
_bਗ੍ਰੇFਿਅਸ ਬੁਕਸ ਭਾਰਤ
_c2010
300 _a144ਪੰ
_ccm.
650 _aਵਧੀਆ ਕਲਾ
_9156314
942 _hNT44:g, 153Q0
_cTEXL
_2cc
999 _c1027481
_d1027481